000 00704nam a2200289Ia 4500
005 20260324131325.0
008 008 260324s9999 xx 000 0 eng d
020 _a9780203967959
037 _aEBOOK
040 _aCRL
040 _beng
040 _cCRL
041 _2eng
041 _aeng
084 _qCRL
100 _aMal Leicester
_91185086
245 0 _aEarly Years Stories for the Foundation Stage
245 0 _bIdeas and Inspiration for Active Learning
260 _bTaylor and Francis
260 _c2006
365 _a
365 _b205
856 _uhttp://www.taylorfrancis.com/books/9780203967959
942 _cEBOOK
999 _c1782124
_d1782124